000 00802nam0a22002411 4500
001 rc\926453
005 20041129095256.9
035 _a(NLR Aleph) 006100123
090 _a5249994
_c5249994
100 _a20041129d1982 u |0rusy50 ca
101 0 _arus
102 _aRU
105 _ay |||||||||
200 1 _aУправление международной специализацией производства стран СЭВ
210 _aМ.
_cНаука
_d1982
215 _a145 с.
_d20
300 _aВ надзаг.: АН СССР, Ин-т экономики мировой соц. системы
700 1 _aЛезник
_bА. Д.
_gАлександр Давидович
801 0 _aRU
_bNLR
_gpsbo
801 1 _aRU
_bELAR
_2rusmarc
852 _aNLR
_j82-3/10351
942 _cBOOK
980 _aNB